| 000 | 00518ntaaa2200193 4500 | ||
|---|---|---|---|
| 003 | 01 | ||
| 005 | 20251027202833.0 | ||
| 008 | 0714s1973 ag 01 | ||
| 040 |
_aAR-BaBN _bspa _cAR-BaBN _eaacr _dRIC |
||
| 082 | _a268.6100 T55 | ||
| 100 |
_aTobey, Kathrene McLandress _928988 |
||
| 245 | _aChurch plans for kindergarten children | ||
| 250 | _a1 ed. | ||
| 260 |
_aPhiladelphia : _bWestminster Press, _cc1959 |
||
| 300 | _a192 p | ||
| 650 |
_aeducación religiosa _94601 |
||
| 650 | _ajardín de infantes | ||
| 942 | _cBK | ||
| 999 |
_c23779 _d23779 |
||